Statystyki dla mitologia grecka

Kliknij tutaj aby rozwiązać quiz!

Ogólne statystyki

  • Ten quiz został rozwiązany 147 razy
  • Średni wynik to 10 z 19

Statystyki odpowiedzi

HintOdpowiedź% Poprawnych
bogini miłościAfrodyta
83%
bóg podziemiaHades
81%
bóg mórzPosejdon
81%
bóg nieba i piorunówZeus
81%
bóg wojnyAres
78%
bogini mądrościAtena
73%
bogini plonówDemeter
67%
tytan dźwigający
niebo na barkach
Atlas
61%
Król tytanówKronos
59%
bogini ogniska domowegoHestia
58%
jego żona a zarazem siostraHera
54%
bóg śmierciTanatos
46%
tytan mórzOkeanos
39%
jego żona bogini pór rokuPersefona
33%
jego żonaAmfitryda
21%
tytan zachoduJepet
21%
tytan północyKojos
18%
tytan południakrios
16%
tytan wschoduHyperion
15%

Rozkład punktacji

Percentyl według liczby udzielonych odpowiedzi

Procent ludzi z każdym wynikiem

Twoja historia wyników

Nie rozwiązałeś tego quizu